| 000 | 01100nam a2200313Ia 4500 | ||
|---|---|---|---|
| 001 | dia_1841 | ||
| 003 | CHAP | ||
| 005 | 20230614100413.0 | ||
| 008 | 220117s1972 xx 000 0 und d | ||
| 010 | _a172378 | ||
| 040 | _cCHAP | ||
| 082 | _a641.1 V35 1972 | ||
| 245 |
_aValor nutritivo de los alimentos mexicanos : tablas de uso práctico / _c Mercedes Hernández...[et al.] |
||
| 260 |
_aMéxico : _b Escuela Nacional de Agricultura, Departamento de Industrias Agrícolas, _c1972 |
||
| 300 | _a33 h. | ||
| 410 | _aCOLECCIÓN INGENIERÍA DE SUELOS, 8 | ||
| 504 | _aBibliografía: h. 32-33 | ||
| 590 | _aTX551 V35 1972 | ||
| 650 |
_aComposición alimentaria _9151679 |
||
| 650 |
_aFood composition _9151680 |
||
| 650 |
_aNutritive value _9147443 |
||
| 650 |
_aValor nutritivo _9137923 |
||
| 700 |
_aHernández, Mercedes, coaut. _9151681 |
||
| 710 |
_aInstituto Nacional de la Nutrición (México). División de Nutrición _9151682 |
||
| 901 | _a641.1 V35 1972 | ||
| 902 | _aM | ||
| 905 | _a5232271972 mx an 8225222322spa16 | ||
| 942 |
_cLIBRO _2ddc |
||
| 999 |
_c172378 _d172378 |
||